| 000 | 01613cam a22003857a 4500 | ||
|---|---|---|---|
| 001 | 17515059 | ||
| 003 | PILC | ||
| 005 | 20150921125133.0 | ||
| 008 | 121101s2014 at a 001 0 eng | ||
| 010 | _a 2012953158 | ||
| 020 | _a9781133135081 | ||
| 020 | _a1133135080 | ||
| 035 | _a(OCoLC)ocn824800308 | ||
| 040 |
_aIAH _cIAH _dIAH _dYDXCP _dBWX _dTXI _dDLC |
||
| 042 | _alccopycat | ||
| 050 | 0 | 0 |
_aQA 76.3 _b.An56 2015 |
| 082 | 0 | 0 | _a004.16 |
| 100 | 1 |
_aAndrews, Jean, _d1946- |
|
| 245 | 1 | 0 |
_aA+ guide to managing and maintaining your PC : _cJean Andrews. _bwith lab exercises - hardware / |
| 246 | 3 | _aA plus guide to managing and maintaining your PC | |
| 250 | _a3rd edition. | ||
| 260 |
_aAustralia ; _bCengage Learning, _c2015. |
||
| 300 |
_axii, 175 pages : _billustrations ; _c29 cm. |
||
| 610 | 2 | 0 |
_aComputing Technology Industry Association _xExaminations _vStudy guides. |
| 650 | 0 |
_aElectronic data processing personnel _xCertification. |
|
| 650 | 0 |
_aComputer technicians _xCertification _vStudy guides. |
|
| 650 | 0 |
_aMicrocomputers _xMaintenance and repair _xExaminations _vStudy guides. |
|
| 856 | 4 | 2 |
_3Contributor biographical information _uhttp://www.loc.gov/catdir/enhancements/fy1317/2012953158-b.html |
| 856 | 4 | 2 |
_3Publisher description _uhttp://www.loc.gov/catdir/enhancements/fy1317/2012953158-d.html |
| 856 | 4 | 1 |
_3Table of contents only _uhttp://www.loc.gov/catdir/enhancements/fy1317/2012953158-t.html |
| 906 |
_a7 _bcbc _ccopycat _d2 _encip _f20 _gy-gencatlg |
||
| 942 |
_2lcc _cBK _kFOR |
||
| 999 |
_c288703 _d288703 |
||